Pick 3 Cities in Each Country K-P Quiz Stats

 Plays Quiz not verified by Sporcle

Score 0/18 Timer 02:00
0 Plays Today
% Correct
Tokyo
99.3%
Mexico City
99%
Kyoto
98.7%
Osaka
98.2%
Auckland
97.3%
Amsterdam
96.9%
Guadalajara
96.8%
Warsaw
96.7%
Kraków
96.1%
% Correct
Wellington
95.9%
Islamabad
95.5%
Christchurch
95.3%
Gdańsk
92.4%
Karachi
92.1%
Ecatepec
91.4%
Eindhoven
89.6%
Utrecht
87.4%
Lahore
86.9%

You're not logged in!

Compare scores with friends on all Sporcle quizzes.
OR
Log In

Sporcle TV

Today on Sporcle TV


Watch our educational content, quiz creation guides, and fun videos on Sporcle TV.

Show Comments

Extras

Created Sep 4, 2019ReportNominate
Tags:City Quiz, Country Quiz

Top Quizzes Today


Score Distribution

Your Account Isn't Verified!

In order to create a playlist on Sporcle, you need to verify the email address you used during registration. Go to your Sporcle Settings to finish the process.

Report this User

Report this user for behavior that violates our Community Guidelines.

Details: